01005nam a2200217 a 450000100100000000500170001000800410002704000250006808200100009310000340010324500450013726000260018230000200020850000320022891000400026095201240030095201240042495201090054895201150065799900150077200000430420200929151425.0090721s2001 dr 000 spa d aDO-SdBNPbspacBNPHU aS232r1 aSantana, Manolod1953-91270914aLos rezos a Bacalác /cManolo Santana. aSanto Domingo,c2001. a84 p. ;c22 cm. aIncluye datos biográficos avalidado control de calidad Mfileto 001054708DSaGRbGRcCTd2009-07-21iLF1l0oS232r p4304-30r2020-06-25te. 3w2020-06-25yLFDSZPréstamo en sala 001054708DSaGRbGRcCTd2013-07-12iLF1l0oS232r p4304-40r2020-06-25te. 4w2020-06-25yLFDSZPréstamo en sala 0010718PDaPDbPDcCTd2009-07-21iLF1l0oS232r p4304-10r2020-06-25w2020-06-25yLFPDZNo se presta 0010718PDaPDbPDcCTd2009-07-21iLF1l0oS232r p4304-20r2020-06-25te. 2w2020-06-25yLFPDZNo se presta c4113d4113